| 000 | 00796nam a2200217 i 4500 | ||
|---|---|---|---|
| 001 | 22026 | ||
| 003 | ES-MaACL | ||
| 005 | 20231222062606.0 | ||
| 007 | t| | ||
| 008 | 021129s1948 po ||||1| por d | ||
| 100 | 1 |
_aAlmeida Braga, Luis de. _920119 |
|
| 245 | 1 | 0 |
_aDom Joao Valera e as letras portugesas do sen tempo : _bconferència realizada no Salao Nobre do Instituto de Coimbra / _cLuis de Almeida Braga. |
| 260 |
_aCoimbra : _b[s.n., _c1948] ( _fTip. da Coimbra Editora Limitada) |
||
| 300 |
_a1 v. ; _c24 cm. |
||
| 595 | _aSeparata de: O Instituto, v. 3. | ||
| 600 | 1 | 4 |
_aValera, Juan, _d1824-1905 _9112638 |
| 650 | 4 |
_aLiteratura portuguesa- _yS.XIX- _xHistoria y crÃtica. _9136433 |
|
| 710 | 2 |
_aInstituto de Coimbra. _94844 |
|
| 852 |
_aES-MaACL _j1584-F-14 |
||
| 999 |
_c22026 _d22026 |
||